|
|
|
|
| LEADER |
00000nab a2200000 a 4500 |
| 001 |
vtls000358750 |
| 003 |
SK-MaSNL |
| 005 |
20260304104534.0 |
| 008 |
250424c1989 xo 0 slo |
| 015 |
|
|
|a SNBRB19rr/mm-uuuuu
|
| 035 |
|
|
|a CL0358872
|
| 035 |
|
|
|a urn:nbn:sk:snk-ab7fkv
|
| 035 |
|
|
|a (urnnbn)urn:nbn:sk:snk:ar-005dn1
|
| 035 |
|
|
|a (uuid)868ce4b2-1337-4a67-9029-0a641e364db5
|
| 040 |
|
|
|a SNKBUCL
|b slo
|c SNKBUCL
|e AACR2
|
| 041 |
0 |
|
|a slo
|
| 044 |
|
|
|a xo
|c SK
|
| 080 |
|
|
|a 615.825
|2 1981
|
| 100 |
1 |
|
|a Škodáček, Pavol,
|d 1910-1994
|4 aut
|9 48481
|
| 245 |
1 |
0 |
|a V. Lánik a spol.: Liečebná telesná výchova 1
|c P. Škodáček
|
| 650 |
0 |
7 |
|a liečebná rehabilitácia
|2 snkbucl
|9 3306
|
| 650 |
0 |
7 |
|a telocvik nápravný
|2 snkbucl
|9 1404725
|
| 655 |
|
7 |
|a články z novín a časopisov
|2 snkbucl
|9 267496
|
| 700 |
1 |
|
|a Lánik, Vladimír,
|d 1922-1993
|4 aut
|9 7084
|
| 773 |
0 |
|
|t Rehabilitácia
|g Roč. 22, č. 2 (1989), s. 118-119
|
| 787 |
0 |
8 |
|i Rec.:
|a Lánik, V.
|t Liečebná telesná výchova 1
|d Martin : Osveta, 1988
|
| 850 |
|
|
|a Slovenská národná knižnica
|
| 852 |
|
|
|a Slovenská národná knižnica
|
| 954 |
|
|
|a odborná, vedecká literatúra pôvodná (slovenská)
|2 lita
|
| 958 |
|
|
|a article7
|
| 958 |
|
|
|a RK
|
| 958 |
|
|
|a MI
|
| 958 |
|
|
|a OND
|
| 958 |
|
|
|a EUIPO
|
| 992 |
|
|
|a RBX
|
| 999 |
|
|
|c 2851997
|d 2853927
|